| 000 | 00741cam a22002531 4500 | ||
|---|---|---|---|
| 001 | 23402 | ||
| 003 | BD-RjUL | ||
| 005 | 20211209000927.0 | ||
| 008 | 140310s1949 enkb b 000 0 eng | ||
| 035 | _a(BD-RjUL)23467 | ||
| 035 | _a(OCoLC)405218 | ||
| 040 |
_aDLC _cODaWU _dOCoLC _dDLC _dBD-RjUL _beng |
||
| 041 | _aeng | ||
| 082 |
_a913.38 _bCAG |
||
| 100 | 1 |
_aCary, M. _q(Max), _d1881-1958. _972088 |
|
| 245 | 1 | 4 |
_aThe geographic background of Greek & Roman history / _cM. cary |
| 260 |
_aOxford : _bClarendon Press, _c1949. |
||
| 300 |
_avi, 331 p. : _bmaps (part fold.) ; _c25 cm. |
||
| 504 | _aBibliography: p. [314]-318. | ||
| 650 | 0 |
_aClassical geography. _972089 |
|
| 942 |
_2ddc _cBK |
||
| 999 |
_c23402 _d23402 |
||